00317pab a2200133 454500008004000000100001600040245005400056260000900110300001100119362000800130650001400138650001100152773002000163180718b1997 xxu||||| |||| 00| 0 eng d aGupta, K.N. aRole of police in avoiding accidents on the roads c1997 ap.6-11 aNov aAccidents aPolice aC.B.I. Bulletin